[Event "Navarra-chT"]
[Site "Navarra"]
[Date "2016.11.05"]
[Round "5.1"]
[White "Reinaldo Castineira, Roi"]
[Black "Vila Dupla, Aurelio"]
[Result "1-0"]
[WhiteElo "2466"]
[BlackElo "2218"]
[PlyCount "67"]
[EventDate "2016.10.08"]
[EventType "team-tourn"]
[EventRounds "7"]
[EventCountry "ESP"]
[SourceTitle "CBM 175 Extra"]
[Source "ChessBase"]
[SourceDate "2016.12.12"]
[SourceVersion "1"]
[SourceVersionDate "2016.12.12"]
[SourceQuality "1"]
[WhiteTeam "San Juan"]
[BlackTeam "Oberena"]
[WhiteTeamCountry "ESP"]
[BlackTeamCountry "ESP"]

1. b3 d6 2. Bb2 e5 3. e3 Nf6 4. d4 e4 5. c4 g6 6. Nc3 Bg7 7. Qc2 0-0 8. Nxe4 Nxe4 9. Qxe4 Nc6 10. Qc2 Re8 11. Nf3 Bg4 12. 0-0-0 a5 13. a3 Bxf3 14. gxf3 Rb8 15. h4 Qf6 16. f4 Ne7 17. d5 Qxb2+ 18. Qxb2 Bxb2+ 19. Kxb2 Nf5 20. Bd3 Ng7 21. Kc3 Re7 22. Rdg1 Kh8 23. Be2 Rg8 24. b4 axb4+ 25. axb4 f5 26. Bf3 Ne8 27. h5 gxh5 28. Rxg8+ Kxg8 29. Rxh5 Rf7 30. Kd4 Kg7 31. Rg5+ Kf6 32. Rg8 Re7 33. Bh5 Ng7 34. Rf8+ 1-0

[Event "Atarrabia op 26th"]
[Site "Atarrabia"]
[Date "2016.03.19"]
[Round "6"]
[White "Reinaldo Castineira, Roi"]
[Black "Vocaturo, Daniele"]
[Result "0-1"]
[WhiteElo "2493"]
[BlackElo "2557"]
[PlyCount "64"]
[EventDate "2016.03.19"]
[EventType "swiss (rapid)"]
[EventRounds "9"]
[EventCountry "ESP"]
[SourceTitle "CBM 171 Extra"]
[Source "ChessBase"]
[SourceDate "2016.04.26"]
[SourceVersion "1"]
[SourceVersionDate "2016.04.26"]
[SourceQuality "1"]

1. d4 Nf6 2. Bg5 g6 3. Bxf6 exf6 4. e3 f5 5. g3 h5 6. Bg2 d6 7. Ne2 Nd7 8. Nbc3 Nf6 9. Nf4 Bh6 10. Qd3 0-0 11. 0-0 Re8 12. Rfe1 c6 13. d5 c5 14. a3 Bd7 15. b4 Rc8 16. Rab1 cxb4 17. axb4 Ng4 18. Nce2 Bg7 19. Nd4 Ne5 20. Qa3 Qb6 21. Qa5 Nc4 22. Qxb6 Nxb6 23. Nfe2 Nc4 24. Ra1 a6 25. Reb1 Nd2 26. Rd1 Ne4 27. Ra3 Rc4 28. Rb1 Rec8 29. h4 Nc3 30. Nxc3 Rxc3 31. Rxc3 Rxc3 32. b5 a5 0-1

[Event "Navarra-chTA"]
[Site "Pamplona"]
[Date "2015.11.07"]
[Round "5.1"]
[White "Reinaldo Castineira, Roi"]
[Black "Burguete Archel, Eduardo"]
[Result "1-0"]
[WhiteElo "2499"]
[BlackElo "2219"]
[PlyCount "53"]
[EventDate "2015.10.10"]
[EventType "team-tourn"]
[EventRounds "7"]
[EventCountry "ESP"]
[SourceTitle "CBM 169 Extra"]
[Source "ChessBase"]
[SourceDate "2015.12.18"]
[SourceVersion "1"]
[SourceVersionDate "2015.12.18"]
[SourceQuality "1"]
[WhiteTeam "San Juan"]
[BlackTeam "Paz de Ziganda"]
[WhiteTeamCountry "ESP"]
[BlackTeamCountry "ESP"]

1. d4 d5 2. c4 c6 3. Nf3 Nf6 4. Nc3 a6 5. cxd5 cxd5 6. Bf4 b5 7. Ne5 e6 8. e3 Be7 9. Bd3 0-0 10. g4 b4 11. g5 Ne8 12. Na4 Bd7 13. Nc5 Bxc5 14. dxc5 Bb5 15. Rc1 Ra7 16. Bxb5 axb5 17. Qb3 f6 18. gxf6 Nxf6 19. Qxb4 Ne4 20. c6 Na6 21. Qd4 Qa5+ 22. Ke2 Nc7 23. Nd7 Rf7 24. f3 e5 25. Nxe5 Qxa2 26. fxe4 Ne6 27. Qxd5 1-0

[Event "Navarra-chTA"]
[Site "Pamplona"]
[Date "2015.10.31"]
[Round "4.1"]
[White "Anguas Fanlo, Sergio"]
[Black "Reinaldo Castineira, Roi"]
[Result "0-1"]
[WhiteElo "2039"]
[BlackElo "2499"]
[PlyCount "40"]
[EventDate "2015.10.10"]
[EventType "team-tourn"]
[EventRounds "7"]
[EventCountry "ESP"]
[SourceTitle "CBM 169 Extra"]
[Source "ChessBase"]
[SourceDate "2015.12.18"]
[SourceVersion "1"]
[SourceVersionDate "2015.12.18"]
[SourceQuality "1"]
[WhiteTeam "Mikel Gurea"]
[BlackTeam "San Juan"]
[WhiteTeamCountry "ESP"]
[BlackTeamCountry "ESP"]

1. d4 e6 2. Nf3 c5 3. d5 exd5 4. Qxd5 Nf6 5. Qg5 Nc6 6. c3 d5 7. e3 h6 8. Qh4 Bd6 9. Bb5 0-0 10. Bxc6 bxc6 11. Qa4 Qc7 12. Nbd2 Re8 13. b4 cxb4 14. cxb4 a5 15. Ba3 Bd7 16. bxa5 c5 17. Qh4 Qxa5 18. Bb2 Re4 19. Bxf6 Rxh4 20. Bxh4 Bb5 0-1

[Event "Pontevedra op 3rd"]
[Site "Pontevedra"]
[Date "2015.08.14"]
[Round "8"]
[White "Kantans, Toms"]
[Black "Reinaldo Castineira, Roi"]
[Result "1/2-1/2"]
[WhiteElo "2481"]
[BlackElo "2490"]
[PlyCount "34"]
[EventDate "2015.08.09"]
[EventType "swiss"]
[EventRounds "9"]
[EventCountry "ESP"]
[SourceTitle "EXT 2016"]
[Source "ChessBase"]
[SourceDate "2015.10.08"]
[SourceVersion "1"]
[SourceVersionDate "2015.10.08"]
[SourceQuality "1"]

1. e4 e5 2. Nf3 Nc6 3. Bb5 Nf6 4. 0-0 Nxe4 5. Re1 Nd6 6. Nxe5 Nxe5 7. Rxe5+ Be7 8. Bf1 0-0 9. d4 Bf6 10. Re1 Nf5 11. c3 d5 12. Bd3 c6 13. Bf4 Bg5 14. Qd2 Bxf4 15. Qxf4 Qd6 16. Qf3 g6 17. Nd2 Bd7 1/2-1/2